| 000 | 00786nam a2200205 a 4500 | ||
|---|---|---|---|
| 003 | 0 | ||
| 005 | 20250220121548.0 | ||
| 008 | 111115s19uu xx 00 eng d | ||
| 050 |
_aPGS QR 201.3.C67 _b.K49 2011 |
||
| 100 | _aKim, Young Ko (Rick). | ||
| 245 |
_aThe effect of coconut milk and water on the growth of Staphylococcus aureus / _cYoung Jo Kim (Rick). |
||
| 260 |
_aLas PiƱas City, Philippines : _bSouthville International School and Colleges, _c2011. |
||
| 300 |
_a15 pages : _billustrations ; _c28 cm. |
||
| 504 | _aIncludes bibliographical references. | ||
| 650 |
_aStaphylococcus aureus _vGrowth. |
||
| 650 |
_aCoconut milk _vAntimicrobial effects. |
||
| 650 |
_aCoconut water _vAntimicrobial effects. |
||
| 650 | _aNatural antimicrobial agents. | ||
| 942 |
_2lcc _cPASS |
||
| 999 |
_c98678 _d98678 |
||